Southville International School and Colleges
Your cart is empty.
  • Cart
  • Lists
    Public lists Eva Luna New books Lux_list list_1
    Your lists Log in to create your own lists
  • Log in to your account
  • Your cookies
  • Search history
Southville International School and Colleges
  • Advanced search
  • Recent comments
  • Most popular
  • Libraries

Log in to your account

Log in with GOOGLE


If you do not have an external account, but do have a local account, you can still log in:

  1. Home
  2. MARC view: Bobbsey twins, #18 :
Normal view MARC view ISBD view

Bobbsey twins, #18 : (Record no. 110767)

[ view plain ]
MARC details
000 -LEADER
fixed length control field 00572nam a2200193 a 4500
001 - CONTROL NUMBER
control field 2369
005 - DATE AND TIME OF LATEST TRANSACTION
control field 20140414131903.0
008 - FIXED-LENGTH DATA ELEMENTS--GENERAL INFORMATION
fixed length control field 050531s19uu xx 00 eng d
020 ## - INTERNATIONAL STANDARD BOOK NUMBER
International Standard Book Number 0-671-69290-9
050 ## - LIBRARY OF CONGRESS CALL NUMBER
Classification number FIC
Item number H77 1990
100 ## - MAIN ENTRY--PERSONAL NAME
Personal name Hope, Laura Lee
245 ## - TITLE STATEMENT
Title Bobbsey twins, #18 :
Remainder of title the secret at Sleepaway Camp /
Statement of responsibility, etc Laura Lee Hope ; illustrated by Randy Berrett.
260 ## - PUBLICATION, DISTRIBUTION, ETC. (IMPRINT)
Place of publication, distribution, etc New York :
Name of publisher, distributor, etc Pocket Books,
Date of publication, distribution, etc 1990.
300 ## - PHYSICAL DESCRIPTION
Extent 83 p. : ill. ; cm.
440 ## - SERIES STATEMENT/ADDED ENTRY--TITLE
Title The New Bobbsey Twins
650 ## - SUBJECT ADDED ENTRY--TOPICAL TERM
Topical term or geographic name as entry element Fiction.
650 ## - SUBJECT ADDED ENTRY--TOPICAL TERM
Topical term or geographic name as entry element Adventures
General subdivision Fiction.
Holdings
Withdrawn status Lost status Damaged status Use restrictions Home library Current library Shelving location Date acquired Source of acquisition Total Checkouts Full call number Barcode Date last seen Price effective from Koha item type
        Munich Library Munich Library Fiction Section 05/31/2005     FIC H77 1990 M1250 04/14/2014 04/14/2014 Books

Bobbsey twins, #18 :

APA

Hope L. L., . (1990). Bobbsey twins, #18. New York: Pocket Books.

Chicago

Hope Laura Lee, . 1990. Bobbsey twins, #18. New York: Pocket Books.

Harvard

Hope L. L., . (1990). Bobbsey twins, #18. New York: Pocket Books.

MLA

Hope Laura Lee, . Bobbsey twins, #18. New York: Pocket Books. 1990.

  • Place hold
  • Print
  • Cite
  • Add to your cart (remove)
  • Save record
    BIBTEX Dublin Core MARCXML MARC (non-Unicode/MARC-8) MARC (Unicode/UTF-8) MARC (Unicode/UTF-8, Standard) MODS (XML) RIS
  • More searches
    Search for this title in:
    Other Libraries (WorldCat) Other Databases (Google Scholar) Online Stores (Bookfinder.com) Open Library (openlibrary.org)

Exporting to Dublin Core...

SOUTHVILLE LIBRARY

Southville International School and Colleges Library

1281 Tropical Ave. Cor. Luxembourg St., BF Homes International, Las Pinas City

Tel. No. 8256374 / 252358 Loc. 117/146

Powered by Koha